| 000 | 00702cam a22002054a 4500 | ||
|---|---|---|---|
| 005 | 20250605164227.0 | ||
| 008 | 250528s ||||||||||||||||||||||||d | ||
| 035 | _a20898 | ||
| 020 | _a9789604681228 | ||
| 040 |
_aGR-AtMCL _bgre _dGR-AtMCL _eAACR2 |
||
| 245 | 1 | _aΟ Ελέφαντας, ο Παπαγάλος κι ένας Ήλιος / Με απίθανα παιχνίδια | |
| 260 | _c2015 | ||
| 300 | _a80 | ||
| 520 | _aΜια δυνατή ιστορία φιλίας, γεμάτη περιπέτεια και ανατροπές... | ||
| 700 | 1 |
_aΔιακουμάκου Κατερίνα _96887 |
|
| 700 | 1 |
_aΜιχάλη Σιδέρη _96268 |
|
| 942 | _cBK | ||
| 999 |
_c5977 _d5977 |
||